V mene života

Bibliographic Details
Main Author: Litvajová, Elena, 1924-1999 (Author)
Format: Article
Language:Slovak
PhysicalDescription:Obr. 1.
Subjects:

MARC

LEADER 00000nab a2200000 a 4500
001 vtls000299785
003 SK-MaSNL
005 20260305001322.0
008 111201c1987 xo 0 slo
015 |a SNBRB19rr/mm-uuuuu 
035 |a CL0309904 
040 |a SNKBUCL  |b slo  |c SNKBUCL  |e AACR2 
041 0 |a slo 
044 |a xo  |c SK 
080 |a 329.71  |2 1981 
080 |a 396  |2 1981 
100 1 |a Litvajová, Elena,  |d 1924-1999  |4 aut  |9 48698 
245 1 0 |a V mene života  |c Elena Litvajová 
300 |b Obr. 1. 
650 0 7 |a SZŽ  |2 snkbucl  |9 921676 
650 0 7 |a októbrová revolúcia (1917 : Rusko)  |2 snkbucl  |9 164524 
650 0 7 |a Proletárka (časopis)  |2 snkbucl  |9 949332 
651 7 |a 5306  |2 snkbucl  |9 893716 
655 7 |a články z novín a časopisov  |2 snkbucl  |9 267496 
773 0 |t Slovenka  |g Roč. 39, č. 49 (1987), s. 2 
850 |a Slovenská národná knižnica v Martine  |a MTA001 
852 |a SNK  |b KIS3GCP 
958 |a RK 
992 |a RBX 
999 |c 3218722  |d 3220652